000 00752cam a2200229 a 4500
001 12011523
005 20180220092034.0
008 000517s2000 azua bd 001 0 eng
010 _a 00009598
020 _a1573562556 (alk. paper)
040 _aDLC
_cDLC
_dDLC
041 _aeng
080 _a363.9603 REN
082 0 0 _a363.9603 REN
_221
100 1 _a23
101 _aENC
245 1 0 _aEncyclopedia of birth control /
_cMarian Rengel.
504 _aIncludes bibliographical references (p. 253-269) and index.
906 _a7
_bcbc
_corignew
_d1
_eecip
_f20
_gy-gencatlg
942 _2ddc
_cBK
999 _c42950
_d42950